000 00489nam a2200157 4500
001 109191
003 ES-MaACL
007 t|
008 061121s1977 sp r ||||1| spa d
100 1 _aMironov, V. S.
_981630
245 1 0 _aCurso de prospección gravimétrica /
_cV. S. Mironov; versión española por Manuel Gisbert.
260 _aBarcelona, etc. :
_bReverté,
_c1977.
300 _aXV, 525 p. ;
_c23 cm.
700 1 _aGisbert, Manuel.
_957323
852 _aES-MaACL
_jG-5303
_bR.114786
999 _c109191
_d109191